[Event "Sollentuna op"]
[Site "Sollentuna"]
[Date "1995.??.??"]
[Round "3"]
[White "Lejlic, Samir"]
[Black "Johansson, Mikael"]
[Result "1/2-1/2"]
[WhiteElo "2425"]
[BlackElo "2265"]
[PlyCount "92"]
[EventDate "1995.??.??"]
[EventType "swiss"]
[EventRounds "9"]
[EventCountry "SWE"]
[SourceTitle "EXT 1997"]
[Source "ChessBase"]
[SourceDate "1996.11.15"]
[SourceVersion "1"]
[SourceVersionDate "1996.11.15"]
[SourceQuality "1"]

1. e4 g6 2. d4 Bg7 3. Nc3 d6 4. Be3 c6 5. Qd2 b5 6. f3 Qa5 7. g4 Nd7 8. a3 h5 9. gxh5 Rxh5 10. Nge2 b4 11. Nd1 bxa3 12. Rxa3 Qxd2+ 13. Kxd2 Ngf6 14. b3 Bb7 15. Ng3 Rh4 16. Ba6 0-0-0 17. Nf2 Bxa6 18. Rxa6 Kb7 19. Rha1 Ra8 20. h3 Ne8 21. R6a5 Nc7 22. Ne2 Rhh8 23. c3 Bh6 24. Nf4 a6 25. Rh1 e5 26. Ng2 Bf8 27. Nd3 f6 28. dxe5 Nxe5 29. Ke2 Nxd3 30. Kxd3 Be7 31. Raa1 Ne6 32. Rag1 Rh5 33. Nf4 Nxf4+ 34. Bxf4 g5 35. Be3 Rah8 36. Rg3 Rh4 37. Ke2 d5 38. exd5 cxd5 39. Rd1 Kc6 40. Ra1 Ra8 41. Rg4 Rxh3 42. Rga4 Rh2+ 43. Kd3 Rh3 44. Rxa6+ Rxa6 45. Rxa6+ Kd7 46. Ke2 Rh2+ 1/2-1/2

[Event "Sollentuna op"]
[Site "Sollentuna"]
[Date "1995.??.??"]
[Round "5"]
[White "Wiedenkeller, Michael"]
[Black "Johansson, Mikael"]
[Result "0-1"]
[WhiteElo "2445"]
[BlackElo "2265"]
[PlyCount "88"]
[EventDate "1995.??.??"]
[EventType "swiss"]
[EventRounds "9"]
[EventCountry "SWE"]
[SourceTitle "EXT 1997"]
[Source "ChessBase"]
[SourceDate "1996.11.15"]
[SourceVersion "1"]
[SourceVersionDate "1996.11.15"]
[SourceQuality "1"]

1. d4 g6 2. c4 Bg7 3. Nc3 d6 4. e4 Nf6 5. f3 Nc6 6. d5 Ne5 7. f4 Ned7 8. Nf3 0-0 9. Bd3 Nc5 10. Be3 Nxd3+ 11. Qxd3 e6 12. 0-0 exd5 13. cxd5 Re8 14. Bd4 c5 15. dxc6 bxc6 16. Rad1 Rb8 17. b3 Qa5 18. Rfe1 Ba6 19. Qd2 Rbd8 20. h3 Qc7 21. Qf2 Qa5 22. Qd2 Bb7 23. Kh1 Qc7 24. Qc2 Qb8 25. Qf2 c5 26. Bxf6 Bxf6 27. Nd5 Bg7 28. Qh4 Bxd5 29. Rxd5 Rc8 30. Red1 h6 31. f5 g5 32. Qg4 Qb4 33. Rxd6 Rxe4 34. Rd8+ Re8 35. Rxc8 Rxc8 36. Qg3 Qe4 37. h4 g4 38. Nh2 h5 39. Qf2 Bd4 40. Qf1 Re8 41. Qc4 Qf4 42. b4 Qf2 43. Qf1 Qxh4 44. Qf4 Bf2 0-1

[Event "Sollentuna op"]
[Site "Sollentuna"]
[Date "1995.??.??"]
[Round "8"]
[White "Wieweg, Johnny"]
[Black "Johansson, Mikael"]
[Result "1-0"]
[WhiteElo "2270"]
[BlackElo "2265"]
[PlyCount "117"]
[EventDate "1995.??.??"]
[EventType "swiss"]
[EventRounds "9"]
[EventCountry "SWE"]
[SourceTitle "EXT 1997"]
[Source "ChessBase"]
[SourceDate "1996.11.15"]
[SourceVersion "1"]
[SourceVersionDate "1996.11.15"]
[SourceQuality "1"]

1. e4 Nf6 2. e5 Nd5 3. c4 Nb6 4. c5 Nd5 5. d4 d6 6. cxd6 cxd6 7. Nf3 Nc6 8. Bc4 Nb6 9. Bb3 d5 10. Nh4 g6 11. 0-0 Bg7 12. f4 e6 13. Nf3 0-0 14. Nc3 Bd7 15. Kh1 Rc8 16. Qe2 a6 17. g4 Ne7 18. Be3 Nc4 19. Bf2 f5 20. exf6 Bxf6 21. Ne5 Nxe5 22. fxe5 Bg5 23. Be3 Bxe3 24. Qxe3 Kg7 25. Rxf8 Qxf8 26. Kg2 Ng8 27. Rf1 Qe7 28. Qf4 g5 29. Qe3 Rf8 30. Rxf8 Kxf8 31. Ne2 Be8 32. Bc2 Bg6 33. Bxg6 hxg6 34. Ng1 Nh6 35. h3 Nf7 36. Nf3 Qb4 37. Qc1 Ke8 38. Kg3 Qe7 39. Qc2 Nh8 40. Qc8+ Qd8 41. Qxb7 Nf7 42. Qxa6 Ke7 43. Qd3 Qb6 44. b3 Qa5 45. a4 Qb4 46. Qxg6 Qxb3 47. Qf6+ Kf8 48. Qxe6 Qxa4 49. Qxd5 Qe8 50. Qe4 Nd6 51. Qh7 Nf7 52. d5 Qb8 53. d6 Qb3 54. Qf5 Ke8 55. Qf6 Qb7 56. Nxg5 Nxg5 57. Qxg5 Qb3+ 58. Kh4 Kf7 59. d7 1-0

[Event "SWE-ch op"]
[Site "Vaxjo"]
[Date "1992.??.??"]
[Round "?"]
[White "Barkhagen, Jonas"]
[Black "Johansson, Mikael"]
[Result "1/2-1/2"]
[WhiteElo "2380"]
[BlackElo "2260"]
[PlyCount "118"]
[EventDate "1992.??.??"]
[EventType "swiss"]
[EventRounds "9"]
[EventCountry "SWE"]
[SourceTitle "EXT 1997"]
[Source "ChessBase"]
[SourceDate "1996.11.15"]
[SourceVersion "1"]
[SourceVersionDate "1996.11.15"]
[SourceQuality "1"]

1. d4 Nf6 2. c4 c5 3. d5 a6 4. a4 e5 5. Nc3 d6 6. e4 g6 7. Be2 Bg7 8. h4 h5 9. Bg5 Qa5 10. Qd2 Nbd7 11. Nh3 Rb8 12. f3 Nf8 13. Nf2 N8h7 14. Be3 Bd7 15. g4 0-0 16. Ra3 Qd8 17. Kd1 Qe7 18. Kc2 Rfc8 19. Raa1 Kh8 20. Rhg1 Qe8 21. Nh3 Kg8 22. Ng5 b6 23. Rg2 Rb7 24. Nxh7 Kxh7 25. Bg5 b5 26. axb5 axb5 27. cxb5 hxg4 28. Bxf6 Bxf6 29. fxg4 c4 30. g5 Bg7 31. Bg4 Bxg4 32. Rxg4 Rcb8 33. Ra5 Qd8 34. Ra3 Qd7 35. Rg2 f5 36. gxf6 Bh6 37. Qf2 Bf4 38. Qg1 Qf7 39. Ra4 Rc8 40. Qf1 Qxf6 41. Rxc4 Rxc4 42. Qxc4 Qxh4 43. Qc8 Qe7 44. Rg1 Rd7 45. Ra1 Qd8 46. Qc6 Rc7 47. Qa6 Be3 48. Rh1+ Kg7 49. Qa1 Qg5 50. Kb3 Qg2 51. Qe1 Bf2 52. Qc1 Be3 53. Qxe3 Qxh1 54. Qb6 Rxc3+ 55. Kxc3 Qc1+ 56. Kb3 Qd1+ 57. Kb4 Qe1+ 58. Kb3 Qd1+ 59. Kb4 Qe1+ 1/2-1/2

[Event "SWE-ch op"]
[Site "Vaxjo"]
[Date "1992.??.??"]
[Round "?"]
[White "Hermansson, Emil"]
[Black "Johansson, Mikael"]
[Result "1-0"]
[WhiteElo "2295"]
[BlackElo "2260"]
[PlyCount "67"]
[EventDate "1992.??.??"]
[EventType "swiss"]
[EventRounds "9"]
[EventCountry "SWE"]
[SourceTitle "EXT 1997"]
[Source "ChessBase"]
[SourceDate "1996.11.15"]
[SourceVersion "1"]
[SourceVersionDate "1996.11.15"]
[SourceQuality "1"]

1. e4 c5 2. Nf3 e6 3. d4 cxd4 4. Nxd4 Nf6 5. Nc3 d6 6. g4 a6 7. g5 Nfd7 8. h4 b5 9. a3 Nb6 10. h5 Be7 11. Qg4 Nc4 12. Bxc4 bxc4 13. Be3 Bd7 14. 0-0-0 Nc6 15. Nxc6 Bxc6 16. g6 Bf6 17. gxf7+ Kxf7 18. Bd4 Rb8 19. Rhg1 Rg8 20. e5 dxe5 21. Ba7 Qc7 22. Bxb8 Rxb8 23. Qxc4 Qb7 24. b3 e4 25. Rd6 Rc8 26. Qxe6+ Kf8 27. Qf5 Rc7 28. h6 Rf7 29. hxg7+ Bxg7 30. Qc5 Re7 31. Rxc6 Bd4 32. Qc4 Rf7 33. Rc8+ Ke7 34. Rc7+ 1-0